000 00411nam a2200157Ia 4500
008 230711s9999||||xx |||||||||||||| ||und||
041 _aENG
082 _a20
_bSH-L
100 _aSharma,Pandey S.K
245 0 _aLibrary computerization : theory and practice
250 _a1st Ed.
260 _c1993
_aNew Delhi
_bEss Ess Publication
300 _a182
650 _aLibrary and Information Science
942 _cBK
999 _c3445
_d3445